000 00697nam a22001937a 4500
999 _c17172
_d17172
003 AR-CdUCM
008 190507b ||||| |||| 00| 0 spa d
040 _aMUNICIPALIDAD PROVINCIAL DEL CUSCO
_cBIBLIOTECA MUNICIPAL DEL CUSCO
082 _a848.9 /
_bT79
100 _aTrené, Ives
_937032
245 _aEl rapto peugeot /
260 _aBarcelona :
_bMateu,
_c1961.
300 _a280 paginas ;
_bIlustraciones,
_c19 cm.
505 _aContenido : El rapto de Saint cloud -- Una carta en la arena -- El comisario Pierangeli -- Mensaje de los secuestradores -- Eric en la guardia...
650 _aEl rapto
_937033
650 _aSecuestro
_937034
942 _2ddc
_cLIBROS
945 _awnts
_d2019-05-7